| 000 | 01616cam a2200361 a 4500 | ||
|---|---|---|---|
| 001 | 1323 | ||
| 005 | 20251127084746.0 | ||
| 020 | _a0060788119 | ||
| 020 | _a0060788127 (lib. bdg.) | ||
| 020 | _a9780060788117 | ||
| 020 | _a9780060788124 | ||
| 040 |
_aDLC _cDLC _dIG# _dBAKER _dYBM _dVP@ _dEHH _dNPL _dBTCTA _dDLC _beng |
||
| 050 | 0 | 0 |
_aPZ7.S86037 _bShe 2006 |
| 082 | 0 | 0 |
_a[Fic] _222 |
| 100 | 1 | _aStine, R. L. | |
| 245 | 1 | 0 |
_aShake, rattle, & hurl! / _cR.L. Stine ; illustrations by Trip Park. |
| 246 | 3 | _aShake, rattle, and hurl | |
| 250 | _a1st ed. | ||
| 260 |
_aNew York : _bHarperCollins, _c2006. |
||
| 300 |
_a96 pages, 16 unnumbered pages of plates, 5 pages : _billustrations ; _c22 cm |
||
| 500 | _a"A Parachute Press Book." | ||
| 505 | 0 | _aH | |
| 505 | 0 | _aMorning announcements -- How I lost my lunch -- The plopps -- Bird plop -- Gassy shows up -- The new act is BIG! -- Heinie trouble -- Kidnapped! -- Who's the dummy? -- Baloom baloom -- "Ow!" -- The greatest rock guitar ever! -- A star is born -- Help from a water bottle -- Not nice in Nyce house -- The music lover -- Why I sat on chipmunk -- Urrrrrrp -- Urp urp urpurpurp -- The big show -- We have a winner and a loser! | |
| 520 | _aRotten School schemer Bernie Bridges is determined that Rotten House will beat Nyce House in the annual talent contest. | ||
| 521 |
_a460
_bLexile |
||
| 521 |
_aH
_bRaz-Plus |
||
| 650 | 1 |
_aBoarding schools _vFiction. |
|
| 650 | 1 |
_aSchools _vFiction. |
|
| 650 | 1 |
_aTalent shows _vFiction. |
|
| 700 | 1 |
_aPark, Trip _eillustrator |
|
| 906 |
_a7 _bcbc _corignew _d1 _eecip _f20 _gy-gencatlg |
||
| 942 |
_2ddc _cBK _n0 |
||
| 999 |
_c1323 _d1323 |
||